Statistiken für Alle Ballon d'Or Gewinner

Klicken Sie hier um das Quiz zu spielen!

Allgemein

  • Dieses Quiz wurde 6.658 mal gespielt
  • Das Durchschnittsergebnis liegt bei 36 aus 65

Antwortstatistiken

JahrAntwortLandVerein% Korrekt
2009Lionel MessiArgentinienFC Barcelona
100%
2010Lionel Messi (2)ArgentinienFC Barcelona
100%
2011Lionel Messi (3)ArgentinienFC Barcelona
100%
2012Lionel Messi (4)ArgentinienFC Barcelona
100%
2015Lionel Messi (5)ArgentinienFC Barcelona
100%
2019Lionel Messi (6)ArgentinienFC Barcelona
100%
2021Lionel Messi (7)ArgentinienParis Saint-Germain
100%
2008Cristiano RonaldoPortugalManchester United
99%
2013Cristiano Ronaldo (2)PortugalReal Madrid
99%
2014Cristiano Ronaldo (3)PortugalReal Madrid
99%
2016Cristiano Ronaldo (4)PortugalReal Madrid
99%
2017Cristiano Ronaldo (5)PortugalReal Madrid
99%
1997RonaldoBrasilienInter Mailand
99%
2002Ronaldo (2)BrasilienReal Madrid
99%
2018Luka ModrićKroatienReal Madrid
95%
2005RonaldinhoBrasilienFC Barcelona
86%
1998Zinédine ZidaneFrankreichJuventus Turin
80%
2007KakáBrasilienAC Mailand
78%
1972Franz BeckenbauerDeutschlandBayern München
71%
1976Franz Beckenbauer (2)DeutschlandBayern München
71%
2000Luís FigoPortugalReal Madrid
71%
1970Gerd MüllerDeutschlandBayern München
69%
1990Lothar MatthäusDeutschlandInter Mailand
68%
2003Pavel NedvědTschechienJuventus Turin
68%
1971Johan CruyffNiederlandeAjax Amsterdam
67%
1973Johan Cruyff (2)NiederlandeFC Barcelona
67%
1974Johan Cruyff (3)NiederlandeFC Barcelona
67%
2004Andriy ShevchenkoUkraineAC Mailand
66%
2006Fabio CannavaroItalienReal Madrid
66%
1987Ruud GullitNiederlandeAC Mailand
63%
1988Marco van BastenNiederlandeAC Mailand
61%
1989Marco van Basten (2)NiederlandeAC Mailand
61%
1992Marco van Basten (3)NiederlandeAC Mailand
61%
1963Lev YashinSowjetunionDynamo Moskau
57%
1996Matthias SammerDeutschlandBorussia Dortmund
54%
1999RivaldoBrasilienFC Barcelona
53%
1968George BestNordirlandManchester United
48%
1995George WeahLiberiaAC Mailand
48%
1994Hristo StoichkovBulgarienFC Barcelona
47%
2001Michael OwenEnglandFC Liverpool
47%
1965EusébioPortugalBenfica Lissabon
46%
1957Alfredo Di StéfanoSpanienReal Madrid
41%
1959Alfredo Di Stéfano (2)SpanienReal Madrid
41%
1983Michel PlatiniFrankreichJuventus Turin
41%
1984Michel Platini (2)FrankreichJuventus Turin
41%
1985Michel Platini (3)FrankreichJuventus Turin
41%
1980Karl-Heinz RummeniggeDeutschlandBayern München
36%
1981Karl-Heinz Rummenigge (2)DeutschlandBayern München
36%
1993Roberto BaggioItalienJuventus Turin
32%
1966Bobby CharltonEnglandManchester United
19%
1991Jean-Pierre PapinFrankreichMarseille
19%
1978Kevin KeeganEnglandHamburger SV
18%
1979Kevin Keegan (2)EnglandHamburger SV
18%
1960Luis SuárezSpanienFC Barcelona
18%
1982Paolo RossiItalienJuventus Turin
9%
1956Stanley MatthewsEnglandFC Blackpool
7%
1977Allan SimonsenDänemarkBorussia M'gladbach
6%
1964Denis LawSchottlandManchester United
6%
1967Flórián AlbertUngarnFerencváros
6%
1958Raymond KopaFrankreichReal Madrid
6%
1969Gianni RiveraItalienAC Mailand
5%
1986Igor BelanovSowjetunionDynamo Kiew
4%
1962Josef MasopustTschechoslowakeiDukla Prag
4%
1961Omar SívoriItalienJuventus Turin
4%
1975Oleg BlokhinSowjetunionDynamo Kiew
3%

Verteilung der Resultate

Perzentil nach korrekt beantworteten Fragen

Anzahl Personen mit jedem Resultat

Ihre Resultats-Entwicklung

Sie haben dieses Quiz noch nicht gespielt